000 00310nam a22001337a 4500
008 180809b xxu||||| |||| 00| 0 eng d
020 _a0521560721
041 _aeng
080 _a616.053
100 _a7
101 _aKAR
245 _aDevelopment of cardiovascular system
_cBURGGREN. W.W
942 _2udc
_cBK
999 _c46962
_d46962